Wissenschaft und technologie in Japan
Tallennettuna:
| Päätekijä: | |
|---|---|
| Aineistotyyppi: | Kirja |
| Kieli: | Undetermined |
| Julkaistu: |
Japan
1975
|
| Aiheet: | |
| Tagit: |
Lisää tagi
Ei tageja, Lisää ensimmäinen tagi!
|
| Thư viện lưu trữ: | Trung tâm Học liệu Trường Đại học Cần Thơ |
|---|
| LEADER | 00493nam a2200181Ia 4500 | ||
|---|---|---|---|
| 001 | CTU_95411 | ||
| 008 | 210402s9999 xx 000 0 und d | ||
| 082 | |a 303.48 | ||
| 082 | |b K89 | ||
| 100 | |a Kramer, Burkhard | ||
| 245 | 0 | |a Wissenschaft und technologie in Japan | |
| 245 | 0 | |c Burkhard Kramer | |
| 260 | |a Japan | ||
| 260 | |c 1975 | ||
| 650 | |a Technology,Information society | ||
| 650 | |x Social aspects | ||
| 904 | |i Tuyến | ||
| 980 | |a Trung tâm Học liệu Trường Đại học Cần Thơ | ||